000 00342cam a22001337a 4500
008 180718b1954 xxu||||| |||| 00| 0 eng d
082 _aF1 G435
100 _aGinsberg, Morris
245 _aPsychology of society
_cby Morris Ginsberg
250 _a8th ed.
260 _aLondon
_bMethuen
_c1954
300 _a174p.
650 _aSocial psychology
999 _c366521
_d366521